L'Ile mystérieuse / (Record no. 167252)
[ view plain ]
| 000 -LEADER | |
|---|---|
| campo de control de longitud fija | 01008nam a22002535i 4500 |
| 001 - NÚMERO DE CONTROL | |
| campo de control | 167252 |
| 003 - IDENTIFICADOR DE NÚMERO DE CONTROL | |
| campo de control | ES-MaACL |
| 005 - FECHA Y HORA DE LA ÚLTIMA TRANSACCIÓN | |
| campo de control | 20250818063105.0 |
| 008 - DATOS DE LONGITUD FIJA--INFORMACIÓN GENERAL | |
| campo de control de longitud fija | 050922q1874 fr a |||| | fre d |
| 040 ## - FUENTE DE CATALOGACIÓN | |
| Centro catalogador/agencia de origen | CAM |
| Lengua de catalogación | spa |
| Centro/agencia transcriptor | CAM |
| 080 ## - NÚMERO DE LA CLASIFICACIÓN DECIMAL UNIVERSAL | |
| Número de la Clasificación Decimal Universal | 821.133.1-31"18" |
| 100 1# - ENTRADA PRINCIPAL--NOMBRE DE PERSONA | |
| Nombre de persona | Verne, Jules, |
| Fechas asociadas al nombre | 1828-1905 |
| 9 (RLIN) | 188654 |
| 245 12 - MENCIÓN DEL TÍTULO | |
| Título | L'Ile mystérieuse / |
| Mención de responsabilidad, etc. | par Jules Verne ; illustrée de 154 dessins par Férat, gravés par Barbant. |
| 260 ## - PUBLICACIÓN, DISTRIBUCIÓN, ETC. | |
| Lugar de publicación, distribución, etc. | Paris : |
| Nombre del editor, distribuidor, etc. | J. Hetzel et C., |
| Fecha de publicación, distribución, etc. | [1874?] |
| 300 ## - DESCRIPCIÓN FÍSICA | |
| Extensión | 616 p. : |
| Otras características físicas | il. ; |
| Dimensiones | 27 cm. |
| 490 1# - MENCIÓN DE SERIE | |
| Mención de serie | Bibliothèque d'éducation et de récréation |
| 500 ## - NOTA GENERAL | |
| Nota general | Precede al tít.: Les voyages extraordinaires. |
| 596 ## - NOTA AL PIE DE IMPRENTA | |
| NOTA AL PIE DE IMPRENTA | La BNP-Opale plus lo fecha ca. 1874. |
| 700 1# - ENTRADA AGREGADA--NOMBRE PERSONAL | |
| Nombre de persona | Férat, Jules, |
| Fechas asociadas al nombre | 1829-1906 |
| 9 (RLIN) | 138633 |
| 700 0# - ENTRADA AGREGADA--NOMBRE PERSONAL | |
| Nombre de persona | Barbant, Charles. |
| 9 (RLIN) | 25381 |
| 830 00 - PUNTO DE ACCESO ADICIONAL DE SERIE-TÍTULO UNIFORME | |
| Título uniforme | Bibliothèque d'éducation et de récréation |
| 9 (RLIN) | 188119 |
| 852 ## - LOCALIZACIÓN | |
| Ubicación | ES-MaACL |
| Número de control de estantería | C-2113 |
| Nota libre | -- Enc. ed. en tela verde con planchas en hierros dorados |
| -- | -- Legado de M. de la Fuente |
| Estatus retirado | Estado de pérdida | Estado de daño | No para préstamo | Colección | Biblioteca de origen | Biblioteca actual | Ubicación en estantería | Fecha de adquisición | Fuente de adquisición | Total de préstamos | Signatura topográfica completa | Código de barras | Visto por última vez | Precio de reemplazo | Tipo de ítem Koha |
|---|---|---|---|---|---|---|---|---|---|---|---|---|---|---|---|
| Libros del s. XIX | Biblioteca del Ateneo de Madrid | Biblioteca del Ateneo de Madrid | Sala Palomar | 17/01/2008 | C-2113 | 1175451 | 23/02/2023 | 23/02/2023 | Libro impreso antiguo |
